| 000 | 00534cam a2200193 4500500 | ||
|---|---|---|---|
| 005 | 20260405003341.0 | ||
| 041 | _afre | ||
| 042 | _adc | ||
| 100 | 1 | 0 |
_aPortevin, Catherine _eauthor |
| 245 | 0 | 0 | _aGrandir |
| 260 | _c2021. | ||
| 500 | _a45 | ||
| 690 | _aAdulte | ||
| 690 | _aÂge | ||
| 690 | _aEnfance | ||
| 690 | _aLumières | ||
| 786 | 0 | _nPhilosophie magazine | 152 | 9 | 2021-09-01 | p. 68-69 | 1951-1787 | |
| 856 | 4 | 1 | _uhttps://shs.cairn.info/magazine-philosophie-magazine-2021-9-page-68?lang=fr&redirect-ssocas=7080 |
| 999 |
_c2066734 _d2066734 |
||